000 00846nam a2200253Ia 4500
003 OSt
005 20220927110352.0
006 a|||||r|||| 00| 0
007 ta
008 220926b |||||||| |||| 00| 0 eng d
024 _a59296
037 _cReports
040 _aRTL
_cRTL
_beng
041 _2eng
_aeng
082 _a"X62:1.2.N74t, L5/GD"
110 _aResearve Bank of India. (Study Group to-)(1974)(Chairman;Prakash Tandon)
_9376886
245 0 _aStudy group to frame guidelines for follow up of bank credit
260 _aBombay
_bResearve Bank of India India
_c1975
300 _a"iv, 127p."
_ccm.
650 _aBank
_9376887
700 _aResearve Bank of India. (Study Group to-)(1974)(Chairman;Prakash Tandon)
_9376888
942 _h"X62:1.2.N74t, L5/GD"
_cCC
999 _c695911
_d695911